Ea Sports world XI - Statistics

General Stats
  • This quiz has been taken 36 times
  • The average score is 9 of 12
Answer Stats
Position Answer % Correct
Forward Messi
93%
Defender Van Dijk
93%
Forward Ronaldo
89%
Forward Mbappe
85%
Midfielder Modric
85%
Defender Ramos
81%
Midfielder De Bruyne
78%
Forward Neymar
74%
Defender Marcelo
70%
Gk De Gea
67%
Midfielder Kante
63%
Defender Varane
44%
No matching quizzes found
Score Distribution
Percent of People with Each Score
Percentile by Number Answered
Your Score History
You have not taken this quiz